Písanka pre 1. triedu pomocné čiary : píšem už sám

Bibliographic Details
Format: Book
Language:Slovak
PhysicalDescription:[21] s. ilustr. 21 cm
Published: Stará Ľubovňa Salive [2014]
ISBN:9788089605163 (brož.)
Subjects:

MARC

LEADER 00000nam a2200000 a 4500
001 vtls010628484
003 SK-MaSNL
005 20260301183339.0
008 160429s2014 xo a b 000 0 slo
015 |a SNBA2014/10 
020 |a 9788089605163 (brož.) 
040 |a SNK  |b slo  |c SNK  |e AACR2 
041 0 |a slo 
044 |a xo  |c SK 
072 7 |a 373.2/.3  |x Predškolská a primárna výchova a vzdelávanie  |2 konspekt 
080 |a 37.016:003-028.31  |2 2001 
080 |a (076.1)  |2 2001 
080 |a (075.2)  |2 2001 
245 0 0 |a Písanka pre 1. triedu  |b pomocné čiary : píšem už sám 
260 |a Stará Ľubovňa  |b Salive  |c [2014] 
300 |a [21] s.  |b ilustr.  |c 21 cm 
500 |a Názov z obalu 
650 0 7 |a písanie  |2 SNKPH  |9 1728 
650 0 7 |a Writing  |2 SNKPHeng  |9 302882 
655 7 |a pracovné zošity  |2 SNKPH  |9 70188 
655 7 |a učebnice základných škôl  |2 SNKPH  |9 70187 
655 7 |a Activity books  |2 SNKPHeng  |9 302885 
655 7 |a Textbooks (elementary)  |2 SNKPHeng  |9 276977 
919 |a 978-80-89605-16-3 
999 |c 856646  |d 858576 
952 |a SNK  |b SNK  |y PREZ  |7 0  |p 17A1117824  |o snkOSC 26944  |i snk2014/21996  |8 0  |0 0  |1 0  |4 0  |d 2014-10-16  |l 0  |r 2026-02-24 04:59:41  |w 2026-02-24 
952 |a SNK  |b SNK  |y VYP  |7 0  |p 17A1117825  |o snkOSC 26944 D1  |i snk2014/21997  |8 0  |0 0  |1 0  |4 0  |d 2014-10-16  |l 0  |r 2026-02-24 04:59:41  |w 2026-02-24